Statistics for Miloš Forman movies quiz

Click here to take the quiz!

General Stats

  • This quiz has been taken 10 times
  • The average score is 5 of 16

Answer Stats

YearMovie% Correct
1984Amadeus
88%
1975One Flew Over the Cuckoo's Nest
75%
1979Hair
63%
1999Man on the Moon
50%
1996The People vs. Larry Flynt
50%
1965Loves of a Blonde
38%
1971Taking Off
38%
1967The Firemen's Ball
38%
1964Black Peter
25%
1989Valmont
25%
2006Goya's Ghosts
13%
1981Ragtime
13%
1973Visions of Eight
13%
1963Audition
0%
1966A well paid walk
0%
1963Why do we need the bands?
0%

Score Distribution

Percentile by Number Answered

Percent of People with Each Score

Your Score History

You have not taken this quiz